000 00708nam a2200253Ia 4500
003 OSt
005 20220927111326.0
006 a|||||r|||| 00| 0
007 ta
008 220926b |||||||| |||| 00| 0 eng d
024 _a103368
037 _cReports
040 _aRTL
_cRTL
_beng
041 _2eng
_aeng
082 _a"z.236s, M4;M5/GD"
110 _a"Gujarat, General Administration (Deptt)"
_9381889
245 0 _aDraft annual plan
260 _aNew
_bDelhi Manager Of Publication India
_c1984
490 _v1984-85
650 _aGeneralia
700 _a"Gujarat, General Administration (Deptt)"
_9381890
942 _h"z.236s, M4;M5/GD"
_cCC
999 _c698988
_d698988